000 01158nam a22003374i 4500
999 _c46514
_d46514
001 20161
003 CO-MdFUSB
005 20180622073202.0
008 180326t1971 enk||||g |||| 00| 0 eng d
020 _a0-631-12600-7
040 _aCO-MdFUSB
_bspa
_cCO-MdFUSB
_dCO-MdFUSB
_erda
041 _aeng
082 _224
_aG 226.506
_bB939g
100 1 _aBultmann, Rudolf
_eautor
242 1 3 _aEl evangelio de Juan
_b: un comentario
245 1 4 _aThe Gospel of John
_b: A commentary
_c/ Rudolf Bultmann ; Traducido por G. R. Beasley-Murray ; Editado por R. W. N. Hoare, J. K. Riches
264 1 _aOxford, England :
_bBasil Blackwell,
_c℗[1971]
264 4 _c©1971
300 _axii, 744 páginas
_b:
_c24 cm.
336 _2rdacontent
_atexto
_btxt
337 _2rdamedia
_asin mediación
_bn
338 _2rdacarrier
_avolumen
_bnc
501 _aIncluye índices (p. 733-740)
505 0 0 _aIntroducción al evangelio de Juan -- Comentario sobre el texto
563 _aPasta dura
700 _aBeasley-Murray, G. R.
_etraductor
700 _aHoare, R. W. N.
_eeditor
700 _aRiches, J. K.
_eeditor
942 _cBK